BIBLIOTECA “JULIO CORTÁZAR”
ESCUELA AGROTÉCNICA “LIBERTADOR GENERAL SAN MARTÍN” - UNR – CASILDA

Logo Escuela Logo UNR

Física : (Record no. 1856)

MARC details
000 -LEADER
campo de control de longitud fija 02149nam#a22006975a#4500
001 - NÚMERO DE CONTROL
campo de control 1856
008 - DATOS DE LONGITUD FIJA--INFORMACIÓN GENERAL
campo de control de longitud fija 110915s2011####ag#a###d#f####001#0#spa#d
020 ## - NÚMERO INTERNACIONAL ESTÁNDAR DEL LIBRO
Número Internacional Estándar del Libro 9789504623236
080 ## - NÚMERO DE LA CLASIFICACIÓN DECIMAL UNIVERSAL
Número de la Clasificación Decimal Universal 53:373.5
084 ## - OTRO NÚMERO DE CLASIFICACIÓN
Número de clasificación F57
040 ## - FUENTE DE CATALOGACIÓN
Centro catalogador/agencia de origen AR-ClEAG
Centro/agencia transcriptor AR-ClEAG
005 - FECHA Y HORA DE LA ÚLTIMA TRANSACCIÓN
campo de control 20241107184724.0
003 - IDENTIFICADOR DE NÚMERO DE CONTROL
campo de control AR-ClEAG
100 1# - ENTRADA PRINCIPAL--NOMBRE DE PERSONA
Nombre de persona Díaz, Fabián G.
245 10 - MENCIÓN DEL TÍTULO
Título Física :
Resto del título la energía en el mundo cotidiano y en el mundo físico. Energías eléctrica y térmica. Termodinámica /
Mención de responsabilidad, etc. Fabián G. Díaz ... [et al.] ; editado por Fabián G. Díaz.
250 ## - MENCION DE EDICION
Mención de edición 1ª ed. 1ª reimp.
260 ## - PUBLICACIÓN, DISTRIBUCIÓN, ETC.
Lugar de publicación, distribución, etc. Buenos Aires :
Nombre del editor, distribuidor, etc. Santillana,
Fecha de publicación, distribución, etc. 2011.
300 ## - DESCRIPCIÓN FÍSICA
Extensión 240 p. :
Otras características físicas fot. col., grafs., il. ;
Dimensiones 28 cm.
490 0# - MENCIÓN DE SERIE
Mención de serie Saber es clave
500 ## - NOTA GENERAL
Nota general Incorpora glosario.
653 ## - TÉRMINO DE INDIZACIÓN--NO CONTROLADO
Término no controlado Fisica
653 ## - TÉRMINO DE INDIZACIÓN--NO CONTROLADO
Término no controlado Enseñanza de la física
653 ## - TÉRMINO DE INDIZACIÓN--NO CONTROLADO
Término no controlado Método científico
653 ## - TÉRMINO DE INDIZACIÓN--NO CONTROLADO
Término no controlado Divulgación científica
653 ## - TÉRMINO DE INDIZACIÓN--NO CONTROLADO
Término no controlado Energía cinética
653 ## - TÉRMINO DE INDIZACIÓN--NO CONTROLADO
Término no controlado Energía potencia
653 ## - TÉRMINO DE INDIZACIÓN--NO CONTROLADO
Término no controlado Energía química
653 ## - TÉRMINO DE INDIZACIÓN--NO CONTROLADO
Término no controlado Energía eléctrica
653 ## - TÉRMINO DE INDIZACIÓN--NO CONTROLADO
Término no controlado Energía nuclear
653 ## - TÉRMINO DE INDIZACIÓN--NO CONTROLADO
Término no controlado Energía térmica
653 ## - TÉRMINO DE INDIZACIÓN--NO CONTROLADO
Término no controlado Energía radiante
653 ## - TÉRMINO DE INDIZACIÓN--NO CONTROLADO
Término no controlado Energía hidráulica
653 ## - TÉRMINO DE INDIZACIÓN--NO CONTROLADO
Término no controlado Energía solar
653 ## - TÉRMINO DE INDIZACIÓN--NO CONTROLADO
Término no controlado Energía biomasa
653 ## - TÉRMINO DE INDIZACIÓN--NO CONTROLADO
Término no controlado Energía eólica
653 ## - TÉRMINO DE INDIZACIÓN--NO CONTROLADO
Término no controlado Energía geotérmica
653 ## - TÉRMINO DE INDIZACIÓN--NO CONTROLADO
Término no controlado Energía mareomotríz
653 ## - TÉRMINO DE INDIZACIÓN--NO CONTROLADO
Término no controlado Energía de combustibles fósiles
653 ## - TÉRMINO DE INDIZACIÓN--NO CONTROLADO
Término no controlado Conservación de energía
653 ## - TÉRMINO DE INDIZACIÓN--NO CONTROLADO
Término no controlado Potencia
653 ## - TÉRMINO DE INDIZACIÓN--NO CONTROLADO
Término no controlado Fuerzas conservativas
653 ## - TÉRMINO DE INDIZACIÓN--NO CONTROLADO
Término no controlado Energías potenciales
653 ## - TÉRMINO DE INDIZACIÓN--NO CONTROLADO
Término no controlado Radiactividad natural
653 ## - TÉRMINO DE INDIZACIÓN--NO CONTROLADO
Término no controlado Física nuclear
653 ## - TÉRMINO DE INDIZACIÓN--NO CONTROLADO
Término no controlado Circuitos eléctricos
653 ## - TÉRMINO DE INDIZACIÓN--NO CONTROLADO
Término no controlado Ley de Ohm
653 ## - TÉRMINO DE INDIZACIÓN--NO CONTROLADO
Término no controlado Electromagnetismo
653 ## - TÉRMINO DE INDIZACIÓN--NO CONTROLADO
Término no controlado Cortocircuitos
653 ## - TÉRMINO DE INDIZACIÓN--NO CONTROLADO
Término no controlado Cambio climático
653 ## - TÉRMINO DE INDIZACIÓN--NO CONTROLADO
Término no controlado Temperatura corporal
653 ## - TÉRMINO DE INDIZACIÓN--NO CONTROLADO
Término no controlado Animales endotermos
653 ## - TÉRMINO DE INDIZACIÓN--NO CONTROLADO
Término no controlado Animales ectotermos
653 ## - TÉRMINO DE INDIZACIÓN--NO CONTROLADO
Término no controlado Termodinámica
653 ## - TÉRMINO DE INDIZACIÓN--NO CONTROLADO
Término no controlado Recursos energéticos
700 1# - ENTRADA AGREGADA--NOMBRE PERSONAL
Nombre de persona Iglesias, María Cristina.
700 1# - ENTRADA AGREGADA--NOMBRE PERSONAL
Nombre de persona López ArriazuFrancisco.
700 1# - ENTRADA AGREGADA--NOMBRE PERSONAL
Nombre de persona Serafini, Gabriel D.
700 1# - ENTRADA AGREGADA--NOMBRE PERSONAL
Nombre de persona Balbiano, Alejandro J.
700 1# - ENTRADA AGREGADA--NOMBRE PERSONAL
Nombre de persona Díaz, Fabián G.,
Término indicativo de función/relación editor.
Relación edt
942 ## - ELEMENTOS DE ENTRADA SECUNDARIOS (KOHA)
Tipo de ítem Koha Libros
980 ## - EQUIVALENCIA O REFERENCIA-CRUZADA-MENCIÓN DE SERIE--NOMBRE DE PERSONA/TÍTULO [LOCAL, CANADÁ]
Enlace 2
Nombre de persona Evangelina Gallicchio
Enlace entre campo y número de secuencia 2
Información miscelánea Evangelina Gallicchio
Holdings
Estatus retirado Estado de pérdida Fuente del sistema de clasificación o colocación Estado de daño No para préstamo Biblioteca de origen Biblioteca actual Ubicación en estantería Fecha de adquisición Número de inventario Total de préstamos Signatura topográfica completa Código de barras Visto por última vez Precio de reemplazo Tipo de ítem Koha
    Clasificación decimal universal     Julio Cortázar Julio Cortázar   07/11/2024 3082   R7 53:373.5 F57 Ej.1 3082 07/11/2024 07/11/2024 Libros

Contacto

Biblioteca Julio Cortázar. Escuela Agrotécnica "Libertador San Martín". Universidad Nacional de Rosario
Dirección: Ov. Lagos 1000 - 2170 Casilda - Santa Fe - Argentina
Tel: (54) (03464) 422226.
Fax: (54) (03464) 427789.
E-Mail: biblio-eac@unr.edu.ar